01389 a2200253 45000010006000000050017000060080041000230030015000640400040000790800088001192450029002070200022002362640048002583000019003065050511003251000025008367000023008617000023008847000041009077000024009487000019009727000029009918560115010202543320260407155538.0260407a2007 arg spa dAR-UNSa-BCEJYS aAR-UNSa-BCEJYSbspacAR-UNSa-BCEJYS a657.05xContabilidad de gestión (Contabilidad gerencial, control de gestión...)10aContabilidad y gerenciar a978-950-9445-32-1 1aBuenos Aires :bTemas Grupo Editorialc2007 a338 p.c23 cm. a1. El gerenciamiento y la necesidad de información - 2. El procesamiento de la información y los modelos contables - 3. Los informes contables - 4. Los estados contables consolidados - 5. El diagnóstico económico financiero de una organización - 6. Los informes y el entorno de la organización - 7. Las decisiones gerenciales y su reflejo en los informes contables - 8. Las presupuestación de las decisiones a futuro - 9. Casos prácticos de nivel inicial - 10. Casos prácticos integrales.1 aTelias, Alejandro J.1 aSmurra, Ricardo F.1 aAlvira, María V.1 aPahlen Acuña, Ricardo Jose María1 aLucero, Víctor A.1 aFano, Diego G.1 aSánchez, Verónica A.41uhttps://biblioeco.unsa.edu.ar/pmb/images/libros/Contabilidad para gerenciar.jpgyImagen de portadaqimage/jpeg